Doktor serba tahu dan cerita-cerita GRIMM yang lain

Bibliographic Details
Format: Book
Published: Kuala Lumpur : Universiti Malaya , 1997
Subjects:

MARC

LEADER 00000cam a2200000 7i4500
001 0000023824
005 20151222.0
008 081104
020 |a 9831000048 
090 0 0 |a JF   |b MAL 
245 1 0 |a Doktor serba tahu dan cerita-cerita GRIMM yang lain 
260 |a Kuala Lumpur :   |b Universiti Malaya ,   |c 1997 
500 |a Children ages 7-9 years old (orange) 
650 0 |a Malay fiction 
650 0 |a Short stories 
999 |a 0001024322   |b Book   |c Children Collection   |e Cawangan Bukit Gambir